Free Zones Act 1990 (Act 438) : (Record no. 1170)
[ view plain ]
| 000 -LEADER | |
|---|---|
| fixed length control field | nam a22 a 4500 |
| 003 - CONTROL NUMBER IDENTIFIER | |
| control field | AKMAL |
| 005 - DATE AND TIME OF LATEST TRANSACTION | |
| control field | 20170508145349.0 |
| 008 - FIXED-LENGTH DATA ELEMENTS--GENERAL INFORMATION | |
| fixed length control field | 170508s2002 my l 00 eng d |
| 020 ## - INTERNATIONAL STANDARD BOOK NUMBER | |
| International Standard Book Number | 9678912384 (pbk.): |
| Terms of availability | RM10.00 |
| 040 ## - CATALOGING SOURCE | |
| Original cataloging agency | AKMAL |
| 082 04 - DEWEY DECIMAL CLASSIFICATION NUMBER | |
| Classification number | 343.595056 FRE |
| Edition number | 21 |
| 090 00 - LOCALLY ASSIGNED LC-TYPE CALL NUMBER (OCLC); LOCAL CALL NUMBER (RLIN) | |
| Classification number (OCLC) (R) ; Classification number, CALL (RLIN) (NR) | 343.595056 |
| Local cutter number (OCLC) ; Book number/undivided call number, CALL (RLIN) | FRE |
| 110 1# - MAIN ENTRY--CORPORATE NAME | |
| Corporate name or jurisdiction name as entry element | Malaysia |
| 9 (RLIN) | 400 |
| 240 10 - UNIFORM TITLE | |
| Uniform title | Akta Zon Bebas, 1990. |
| Language of a work | English |
| 245 10 - TITLE STATEMENT | |
| Title | Free Zones Act 1990 (Act 438) : |
| Remainder of title | (as at 1st March 2002) / |
| Statement of responsibility, etc. | compiled by Legal Research Board |
| 260 ## - PUBLICATION, DISTRIBUTION, ETC. | |
| Place of publication, distribution, etc. | Petaling Jaya : |
| Name of publisher, distributor, etc. | International Law Book Services, |
| Date of publication, distribution, etc. | 2002 |
| 300 00 - PHYSICAL DESCRIPTION | |
| Extent | 40p. ; |
| Dimensions | 24cm |
| 650 #0 - SUBJECT ADDED ENTRY--TOPICAL TERM | |
| Topical term or geographic name entry element | Free ports and zones |
| General subdivision | Law and legislation |
| Geographic subdivision | Malaysia |
| 9 (RLIN) | 2242 |
| 650 #0 - SUBJECT ADDED ENTRY--TOPICAL TERM | |
| Topical term or geographic name entry element | Sales tax |
| General subdivision | Law and legislation |
| Geographic subdivision | Malaysia |
| 9 (RLIN) | 621 |
| 650 #0 - SUBJECT ADDED ENTRY--TOPICAL TERM | |
| Topical term or geographic name entry element | Customs administration |
| General subdivision | Law and legislation |
| Geographic subdivision | Malaysia |
| 9 (RLIN) | 2373 |
| 710 2# - ADDED ENTRY--CORPORATE NAME | |
| Corporate name or jurisdiction name as entry element | Lembaga Penyelidikan Undang-Undang |
| 9 (RLIN) | 2374 |
| 942 ## - ADDED ENTRY ELEMENTS (KOHA) | |
| Source of classification or shelving scheme | |
| Koha item type | Book |
| 950 ## - LOCAL HOLDINGS (RLIN) | |
| Permanent shelving location, LOC (RLIN) | AKMAL |
| Withdrawn status | Lost status | Source of classification or shelving scheme | Damaged status | Not for loan | Collection code | Home library | Current library | Shelving location | Date acquired | Inventory number | Total Checkouts | Full call number | Barcode | Date last seen | Date last checked out | Price effective from | Koha item type |
|---|---|---|---|---|---|---|---|---|---|---|---|---|---|---|---|---|---|
| NON-FICTION | AKMAL Melaka | AKMAL Melaka | PINJAMAN | 08.05.2017 | 303832 | 1 | 343.595056 FRE | 201702246 | 17.06.2017 | 09.06.2017 | 08.05.2017 | Book | |||||
| NON-FICTION | AKMAL Melaka | AKMAL Melaka | PINJAMAN | 08.05.2017 | 303833 | 1 | 343.595056 FRE | 201702245 | 17.06.2017 | 09.06.2017 | 08.05.2017 | Book | |||||
| NON-FICTION | AKMAL Melaka | AKMAL Melaka | PINJAMAN | 08.05.2017 | 303834 | 1 | 343.595056 FRE | 201702244 | 17.06.2017 | 09.06.2017 | 08.05.2017 | Book | |||||
| NON-FICTION | AKMAL Melaka | AKMAL Melaka | PINJAMAN | 08.05.2017 | 303835 | 1 | 343.595056 FRE | 201702247 | 18.06.2017 | 09.06.2017 | 08.05.2017 | Book | |||||
| NON-FICTION | AKMAL Melaka | AKMAL Melaka | PINJAMAN | 08.05.2017 | 303993 | 1 | 343.595056 FRE | 201702249 | 17.06.2017 | 09.06.2017 | 08.05.2017 | Book | |||||
| NON-FICTION | AKMAL Melaka | AKMAL Melaka | PINJAMAN | 08.05.2017 | 303994 | 1 | 343.595056 FRE | 201702250 | 18.06.2017 | 09.06.2017 | 08.05.2017 | Book | |||||
| NON-FICTION | AKMAL Melaka | AKMAL Melaka | PINJAMAN | 08.05.2017 | 303995 | 1 | 343.595056 FRE | 201702248 | 18.06.2017 | 09.06.2017 | 08.05.2017 | Book | |||||
| NON-FICTION | AKMAL Melaka | AKMAL Melaka | PINJAMAN | 08.05.2017 | 304558 | 1 | 343.595056 FRE | 201702251 | 18.06.2017 | 09.06.2017 | 08.05.2017 | Book | |||||
| NON-FICTION | AKMAL Melaka | AKMAL Melaka | PINJAMAN | 08.05.2017 | 304559 | 2 | 343.595056 FRE | 201702252 | 07.05.2018 | 08.04.2018 | 08.05.2017 | Book |
